Varieties of man/boy love : modern western contexts /

Gespeichert in:
Bibliographische Detailangaben
1. Verfasser: Pascal, Mark (Verfasst von)
Format: Buch
Sprache:Englisch
Veröffentlicht: New York : Wallace Hamilton, 1992
Schriftenreihe:Nambla journal ; 8
Tags: Tag hinzufügen
Keine Tags, Fügen Sie das erste Tag hinzu!

MARC

LEADER 00000nam a22000007i 4500
001 IT\ICCU\UBO\3546738
003 ItRI
005 20260115231830.0
008 081219s1982 xxu|||||| ||||| |||||c
020 |a 0961549718 
040 |b ita  |c importazione bologna sebina 
041 7 |a eng  |2 ISO-639-2 
100 1 |a Pascal, Mark  |0 IT\ICCU\UBOV\297664  |4 aut 
245 1 0 |a Varieties of man/boy love :  |b modern western contexts /  |c edited by Mark Pascal. 
260 |a New York :  |b Wallace Hamilton,  |c 1992 
300 |a 124 p. ;  |c 21 cm. 
830 0 |a Nambla journal ;  |v 8  |0 IT\ICCU\UBO\3546753 
942 |2 ddc  |c BK  |n 0 
952 |0 0  |1 0  |4 0  |6 DOC_306_760000000000000_PAS  |7 0  |9 13790  |a BO  |b BO  |d 2026-01-15  |i 12337  |l 0  |o DOC 306.76 PAS  |p BO12337  |r 2026-01-15 23:18:30  |w 2026-01-15  |x [Sebina 5] [1 v.]  |y BK  |z 1 v. 
999 |c 11866  |d 11866